DEWIT'S FUNDAMENTAL CONCEPTS AND SKILLS FOR NURSING (Record no. 24829)
[ view plain ]
| 000 -LEADER | |
|---|---|
| fixed length control field | 00461nam a22001697a 4500 |
| 003 - CONTROL NUMBER IDENTIFIER | |
| control field | SGT |
| 020 ## - INTERNATIONAL STANDARD BOOK NUMBER | |
| International Standard Book Number | 9788131256459 |
| 082 ## - DEWEY DECIMAL CLASSIFICATION NUMBER | |
| Classification number | 610.73 |
| Item number | D23W |
| 100 ## - MAIN ENTRY--PERSONAL NAME | |
| Personal name | WILLIAMS, PATRICIA |
| 245 ## - TITLE STATEMENT | |
| Title | DEWIT'S FUNDAMENTAL CONCEPTS AND SKILLS FOR NURSING |
| Remainder of title | |
| 250 ## - EDITION STATEMENT | |
| Edition statement | 2ND S.A. |
| 260 ## - PUBLICATION, DISTRIBUTION, ETC. (IMPRINT) | |
| Place of publication, distribution, etc | INDIA |
| Name of publisher, distributor, etc | ELSEVIER PUB |
| Year of Publication | 2023 |
| 300 ## - PAGE DESCRIPTION | |
| No. of Pages | 1044 |
| 650 ## - SUBJECT ADDED ENTRY--TOPICAL TERM | |
| Topical term or geographic name as entry element | FUNDAMENTAL NURSING |
| 653 ## - KEYWORDS--INDEX TERM | |
| Keyword term | DEWIT'S FUNDAMENTAL CONCEPTS AND SKILLS FOR NURSING |
| 942 ## - ADDED ENTRY ELEMENTS (KOHA) | |
| Source of classification or shelving scheme | Dewey Decimal Classification |
| Koha item type | Books |
| 942 ## - ADDED ENTRY ELEMENTS (KOHA) | |
| -- | 12 |
| Withdrawn status | Lost status | Source of classification or shelving scheme | Damaged status | Not for loan | Collection code | Home library | Current library | Shelving location | Date acquired | Vendor Name | Cost, normal purchase price | SGTU | Bill Number | Full call number | Accession No. (Barcode) | Date last seen | Bill Date | Koha item type | Total Checkouts | Date last borrowed |
|---|---|---|---|---|---|---|---|---|---|---|---|---|---|---|---|---|---|---|---|---|
| Dewey Decimal Classification | Not For Loan | NURSING | SGT Medical Library | SGT Medical Library | Reference Book | 21/08/2023 | ABC DELHI | 1360.00 | SGTU | 16927 | 610.73 D23W | FN5036 | 21/08/2023 | 20/06/2023 | Books | |||||
| Dewey Decimal Classification | NURSING | SGT Medical Library | SGT Medical Library | Text Book | 21/08/2023 | ABC DELHI | 1360.00 | SGTU | 16927 | 610.73 D23W | FN5037 | 11/12/2025 | 20/06/2023 | Books | 4 | 10/12/2025 | ||||
| Dewey Decimal Classification | NURSING | SGT Medical Library | SGT Medical Library | Text Book | 21/08/2023 | ABC DELHI | 1360.00 | SGTU | 16927 | 610.73 D23W | FN5038 | 26/05/2026 | 20/06/2023 | Books | 4 | 26/05/2026 | ||||
| Dewey Decimal Classification | NURSING | SGT Medical Library | SGT Medical Library | Text Book | 21/08/2023 | ABC DELHI | 1360.00 | SGTU | 16927 | 610.73 D23W | FN5039 | 08/12/2025 | 20/06/2023 | Books | 10 | 26/11/2025 | ||||
| Dewey Decimal Classification | NURSING | SGT Medical Library | SGT Medical Library | Text Book | 21/08/2023 | ABC DELHI | 1360.00 | SGTU | 16927 | 610.73 D23W | FN5040 | 02/03/2024 | 20/06/2023 | Books | 2 | 02/03/2024 |